Oracle Database 10g PL/SQL Programming (Record no. 6091)

000 -LEADER
fixed length control field 00390nam a2200145Ia 4500
008 - FIXED-LENGTH DATA ELEMENTS--GENERAL INFORMATION
fixed length control field 200103s9999||||xx |||||||||||||| ||und||
020 ## - INTERNATIONAL STANDARD BOOK NUMBER
International Standard Book Number 9780070597792
082 ## - DEWEY DECIMAL CLASSIFICATION NUMBER
Classification number Column-17
100 ## - MAIN ENTRY--PERSONAL NAME
Personal name Urman, Scott
245 #0 - TITLE STATEMENT
Title Oracle Database 10g PL/SQL Programming
260 ## - PUBLICATION, DISTRIBUTION, ETC. (IMPRINT)
Name of publisher, distributor, etc Tata McGraw-Hill Publishing Company Ltd., New Delhi
Date of publication, distribution, etc 2004
300 ## - PHYSICAL DESCRIPTION
Extent xxvii, 876
942 ## - ADDED ENTRY ELEMENTS (KOHA)
Item type Books
Holdings
Withdrawn status Lost status Damaged status Not for loan Shelving location Date acquired Barcode Date last seen Koha item type
          2020-01-08 LBS12718 2025-03-17 Books
Copyright © 2021 Indian Maritime University, Mumbai Port Campus. All Rights Reserved. Managed & Maintained by Central Library, IMU-Mumbai

webs counters

Powered by Koha